000 00644nam a2200241Ia 4500
003 OSt
005 20220924135952.0
006 a|||||r|||| 00| 0
007 ta
008 220923b |||||||| |||| 00| 0 ben d
024 _a293213
037 _cTextual
040 _aARTS
_cARTS
_bben
041 _2ben
_aben
082 _aO157,1M61:g, M61
100 _aBasu Madhusudan
245 0 _aRabindranath o sampratik bangla kabita ebang anyanya prabandha
260 _c1986
300 _a271p.
_ccm.
650 _aBENGALI LITERATURE
942 _hO157,1M61:g, M61
_cTEXL
_2CC
999 _c442538
_d442538